01403nam a2200373 a 450000100060000000300080000600500170001400800410003102000150007202000160008703500370010304000350014004100080017508200210018310000350020424501430023925000110038226000940039330000280048750400290051565000190054465000120056365000490057565000150062470000470063970000480068670000810073473000190081574000150083474000480084974000690089774000300096674000330099640740BD-RjUL20211209053255.0950712s1972 enk b 001 0 eng d a0460104829 a0460114824  a(OCoLC)153919937a(BD-RjUL)40855 aBD-RjULbengcBD-RjULdBD-RjUL aeng a320.01bMIU 19721 aMill, John Stuart,d1806-1873.10aUtilitarianism; liberty; representative government; selections from Auguste Comte and positivism /cJohn Stuart Mill; edited by H.B. Acton aNew ed aLondon ;aMelbourne :bJ. M. Dent & Sons Ltd ;aNew York :bE. P. Dutton & co. inc,c1972 axxviii, 445 p. ;c19 cm aBibliography: p. 435-438 0aUtilitarianism 0aLiberty 0aRepresentative government and representation 0aPositivism1 aActon, H. B.q(Harry Burrows),d1908-1974.12aMill, John Stuart,d1806-1873.tOn liberty.12aMill, John Stuart,d1806-1873.tConsiderations on representative government.02aUtilitarianism02aOn liberty02aConsiderations on representative government02aSelections from Auguste Comte and positivism (3rd edition, 1882)0 aRepresentative government0 aAuguste Comte and positivism